Statistics for Largest Countries by...

Click here to take the quiz!

General Stats

  • This quiz has been taken 32 times
    (14 since last reset)
  • The average score is 52 of 60

Answer Stats

CategoryRankCountry% Correct
Population1China
100%
Olympic Golds9China
100%
Capital Population1China
100%
Area3China
100%
Population10Japan
100%
Island Countries (Area)5Japan
100%
Capital Population3Japan
100%
Oil Reserves8Russia
100%
Capital Population2Russia
100%
Olympic Golds2Russia
100%
Area1Russia
100%
Population9Russia
100%
Olympic Golds4United Kingdom
100%
Capital Population9United Kingdom
100%
Island Countries (Area)8United Kingdom
100%
Area6Australia
92%
Island Countries (Area)1Australia
92%
Olympic Golds10Australia
92%
Area5Brazil
92%
Population6Brazil
92%
Oil Reserves4Canada
92%
Area2Canada
92%
Island Countries (Area)10Iceland
92%
Population2India
92%
Area7India
92%
Area9Kazakhstan
92%
Area4United States
92%
Population3United States
92%
Olympic Golds1United States
92%
Area8Argentina
83%
Capital Population10Bangladesh
83%
Population8Bangladesh
83%
Island Countries (Area)9Cuba
83%
Capital Population4DR Congo
83%
Olympic Golds5France
83%
Olympic Golds3Germany
83%
Capital Population5Indonesia
83%
Population4Indonesia
83%
Island Countries (Area)2Indonesia
83%
Olympic Golds6Italy
83%
Island Countries (Area)3Madagascar
83%
Capital Population8Mexico
83%
Island Countries (Area)7New Zealand
83%
Population7Nigeria
83%
Oil Reserves10Nigeria
83%
Population5Pakistan
83%
Oil Reserves2Saudi Arabia
83%
Oil Reserves1Venezuela
83%
Area10Algeria
75%
Oil Reserves3Iran
75%
Oil Reserves7Kuwait
75%
Island Countries (Area)6Philippines
75%
Capital Population6South Korea
75%
Capital Population7Egypt
67%
Island Countries (Area)4Papua New Guinea
67%
Oil Reserves6United Arab Emirates
67%
Oil Reserves5Iraq
58%
Olympic Golds7Sweden
58%
Oil Reserves9Libya
50%
Olympic Golds8Hungary
42%

Score Distribution

Percentile by Number Answered

Percent of People with Each Score

Your Score History

You have not taken this quiz since the last reset